The Walking Dead n. 59 Principessa

Salvato in:
Dettagli Bibliografici
Autore principale: Kirkman, Robert
Altri autori: Adlard, Charlie, Gaudiano, Stefano, Rathburn, Cliff
Natura: Libro
Lingua:inglese
Pubblicazione: Reggio Emilia Saldapress 2019
Tags: Aggiungi Tag
Nessun Tag, puoi essere il primo ad aggiungerne!!

MARC

LEADER 00000nam a2200000 4500
005 20241023162207.0
008 241023b |||||||| |||| 00| 0 eng d
020 |a 9788869196584 
040 |c GP 
100 |a Kirkman, Robert 
245 |a The Walking Dead n. 59  |b Principessa 
260 |a Reggio Emilia  |b Saldapress  |c 2019 
700 |a Adlard, Charlie 
700 |a Gaudiano, Stefano 
700 |a Rathburn, Cliff 
942 |2 ddc  |c BK  |n 0 
952 |0 0  |1 0  |2 ddc  |4 0  |6 555_719000000000000_KIR  |7 1  |9 2147  |a RM  |b RM  |d 2024-10-23  |l 0  |o 555 719 KIR  |p 765  |r 2024-10-23 16:22:24  |w 2024-10-23  |y BK 
999 |c 1887  |d 1887